[Event "Oranjestad Aruba op"]
[Site "Oranjestad"]
[Date "2024.10.11"]
[Round "2"]
[White "Pesqueira, Jose"]
[Black "Delgado Romero, Marco"]
[Result "0-1"]
[WhiteElo "1856"]
[BlackElo "2373"]
[PlyCount "91"]
[EventDate "2024.10.10"]
[EventType "swiss"]
[EventRounds "7"]
[EventCountry "ARN"]
[SourceTitle "CB44_2024"]
[Source "Chessbase"]
[SourceDate "2024.10.30"]
[SourceVersion "1"]
[SourceVersionDate "2024.10.30"]
[SourceQuality "1"]

1. d4 Nf6 2. Nf3 g6 3. c4 c5 4. d5 b5 5. cxb5 a6 6. bxa6 Bg7 7. Nc3 0-0 8. g3 Nxa6 9. Bg2 d6 10. 0-0 Nc7 11. e4 Nd7 12. Re1 Nb6 13. h3 Bb7 14. Qb3 Na6 15. Be3 Nb4 16. Bf1 Ba6 17. Bxa6 Rxa6 18. Red1 Qa8 19. a3 Nd3 20. Rab1 Rb8 21. Qc2 c4 22. Bd4 Rc8 23. Bxg7 Kxg7 24. Nd4 Nd7 25. Nc6 e5 26. Nb4 Nxb4 27. axb4 Rb6 28. b5 Nc5 29. Ra1 Qb7 30. Ra3 Nb3 31. Ra4 Nd4 32. Qb1 Nxb5 33. Nxb5 Rxb5 34. Qc1 Rxb2 35. Rxc4 Rxc4 36. Qxc4 Qb6 37. Rf1 Rd2 38. Qc3 Rb2 39. Qf3 Rb3 40. Qg4 h5 41. Qh4 Qd4 42. Kg2 f6 43. Re1 Rb2 44. g4 Rb1 45. Re3 Qd1 46. Qg3 0-1

[Event "Olympiad-45"]
[Site "Budapest"]
[Date "2024.09.12"]
[Round "2.53"]
[White "Yang, Ching Wei Austin"]
[Black "Pesqueira, Jose"]
[Result "1/2-1/2"]
[WhiteElo "2121"]
[BlackElo "1880"]
[PlyCount "70"]
[EventDate "2024.09.11"]
[EventType "team-swiss"]
[EventRounds "11"]
[EventCountry "HUN"]
[SourceTitle "EXT 2025"]
[Source "ChessBase"]
[SourceDate "2024.10.14"]
[SourceVersion "1"]
[SourceVersionDate "2024.10.14"]
[SourceQuality "1"]
[WhiteTeam "Taiwan"]
[BlackTeam "Aruba"]
[WhiteTeamCountry "TPE"]
[BlackTeamCountry "ARN"]

1. d4 d5 2. c4 c6 3. Nc3 Nf6 4. e3 e6 5. Nf3 Nbd7 6. Be2 Be7 7. 0-0 0-0 8. b3 Re8 9. Bb2 Bd6 10. Rc1 Qe7 11. Rc2 a6 12. a4 h6 13. Re1 Bb4 14. Bd3 Ne4 15. Ne5 Nxe5 16. dxe5 Nxc3 17. Bxc3 Bxc3 18. Rxc3 Rd8 19. c5 Bd7 20. Bb1 f6 21. exf6 Qxf6 22. Qc2 e5 23. e4 d4 24. Rf3 Qe7 25. Rg3 Rf8 26. Qc1 Rf6 27. Bd3 Raf8 28. f3 Be6 29. b4 Qd7 30. Re2 Kh8 31. Rb2 Rc8 32. b5 cxb5 33. axb5 Qc7 34. bxa6 bxa6 35. Bxa6 Qxc5 1/2-1/2

[Event "Aruba op"]
[Site "Aruba"]
[Date "2023.10.08"]
[Round "6"]
[White "Dirks, Ayden"]
[Black "Pesqueira, Jose"]
[Result "1/2-1/2"]
[WhiteElo "1490"]
[BlackElo "1781"]
[PlyCount "40"]
[EventDate "2023.10.05"]
[EventType "swiss"]
[EventRounds "7"]
[EventCountry "ARN"]
[SourceTitle "EXT 2025"]
[Source "ChessBase"]
[SourceDate "2024.10.14"]
[SourceVersion "1"]
[SourceVersionDate "2024.10.14"]
[SourceQuality "1"]

1. d4 d5 2. Bf4 c5 3. e3 cxd4 4. exd4 Nc6 5. c3 Bf5 6. Qb3 Qd7 7. Nd2 e6 8. Ngf3 f6 9. Bg3 g5 10. Be2 h5 11. h4 g4 12. Nh2 Nh6 13. Nhf1 Nf7 14. Ne3 Bg6 15. 0-0-0 Nd6 16. Bxd6 Bxd6 17. Ndf1 0-0-0 18. Bd3 Bxd3 19. Rxd3 Kb8 20. Kb1 Rc8 1/2-1/2

[Event "Central America-ch 24th"]
[Site "San Salvador"]
[Date "2023.01.21"]
[Round "9"]
[White "Pesqueira, Jose"]
[Black "Auguiste, Lyndon"]
[Result "0-1"]
[WhiteElo "1810"]
[BlackElo "1661"]
[PlyCount "116"]
[EventDate "2023.01.21"]
[EventType "swiss"]
[EventRounds "11"]
[EventCountry "ESA"]
[SourceTitle "CBM 212 Extra"]
[Source "ChessBase"]
[SourceDate "2023.03.31"]
[SourceVersion "1"]
[SourceVersionDate "2023.03.31"]
[SourceQuality "1"]

1. d4 d5 2. Bf4 Nf6 3. e3 e6 4. Nd2 Bd6 5. Ngf3 Bxf4 6. exf4 b6 7. c3 0-0 8. Bd3 c5 9. 0-0 a5 10. Re1 c4 11. Bc2 Bb7 12. Ne5 Nbd7 13. Qf3 Nxe5 14. fxe5 Ne4 15. Nxe4 dxe4 16. Bxe4 Bxe4 17. Qxe4 b5 18. f4 b4 19. Re3 Ra7 20. Rd1 Qb8 21. Rd2 a4 22. d5 exd5 23. Qxd5 Rc7 24. cxb4 Qxb4 25. Rc3 h6 26. a3 Qb6+ 27. Kf1 Qg6 28. Rxc4 Rxc4 29. Qxc4 Qb1+ 30. Kf2 Qh1 31. h3 Ra8 32. Rd7 Rf8 33. Qxa4 Qc1 34. Qb4 Rc8 35. Rd2 Rc4 36. Rd8+ Kh7 37. Qd2 Rc2 38. Ke3 Qg1+ 39. Kf3 Rxd2 40. Rxd2 Qf1+ 41. Ke3 Kg6 42. b4 Qc4 43. g4 h5 44. Rd6+ Kh7 45. g5 Qc1+ 46. Ke4 Qxa3 47. Rd4 Qxh3 48. Kd5 Qd7+ 49. Kc5 Qc7+ 50. Kd5 Kg6 51. b5 h4 52. Rc4 Qb7+ 53. Rc6+ Kf5 54. Kc5 h3 55. b6 h2 56. Rc7 Qb8 57. Rxf7+ Ke4 58. e6 h1Q 0-1

[Event "Central America-ch 24th"]
[Site "San Salvador"]
[Date "2023.01.21"]
[Round "7"]
[White "Pesqueira, Jose"]
[Black "Daniel, Cyrus"]
[Result "1-0"]
[WhiteElo "1810"]
[BlackElo "1690"]
[PlyCount "163"]
[EventDate "2023.01.21"]
[EventType "swiss"]
[EventRounds "11"]
[EventCountry "ESA"]
[SourceTitle "CBM 212 Extra"]
[Source "ChessBase"]
[SourceDate "2023.03.31"]
[SourceVersion "1"]
[SourceVersionDate "2023.03.31"]
[SourceQuality "1"]

1. d4 d5 2. Bf4 Nf6 3. e3 c6 4. Nd2 Bf5 5. c4 e6 6. Qb3 Qb6 7. c5 Qxb3 8. axb3 Nbd7 9. b4 Nh5 10. Be5 Nxe5 11. dxe5 g5 12. Be2 Bg6 13. h4 gxh4 14. Rxh4 Ng7 15. Ngf3 Nf5 16. Rh1 Be7 17. g4 Ng7 18. Nd4 Kd7 19. N2b3 a6 20. Kd2 h5 21. gxh5 Nxh5 22. Rh2 Ng3 23. Rxh8 Ne4+ 24. Ke1 Rxh8 25. Bf3 Rh2 26. Bxe4 Bxe4 27. Ke2 Bh4 28. Rf1 Bg2 29. Rg1 Bh3 30. Nd2 Rxf2+ 31. Kd3 Bg2 32. Ne2 Be4+ 33. Nxe4 dxe4+ 34. Kd2 Bd8 35. Ke1 Rf3 36. Kd2 a5 37. bxa5 Bxa5+ 38. Nc3 Rf2+ 39. Kc1 Bxc3 40. bxc3 Re2 41. Rg7 Ke7 42. Rg3 Rf2 43. Rg4 Rf5 44. Rxe4 f6 45. exf6+ Kxf6 46. Rc4 Ke5 47. Kd2 Rf2+ 48. Kd3 Rb2 49. Rd4 Rb1 50. Kc4 Re1 51. Kd3 Kf6 52. Rb4 Rd1+ 53. Ke4 Rd7 54. Rd4 Ke7 55. Rxd7+ Kxd7 56. Kf4 Ke8 57. Ke4 Kf7 58. Ke5 Ke7 59. c4 Kf7 60. Kd6 Kf6 61. e4 e5 62. Kd7 Kg5 63. Kc7 Kf4 64. Kxb7 Kxe4 65. Kxc6 Kd4 66. Kb6 e4 67. c6 e3 68. c7 e2 69. c8Q e1Q 70. Qc5+ Kd3 71. Qd5+ Kc2 72. c5 Qb4+ 73. Kc6 Qa4+ 74. Kd6 Qa6+ 75. c6 Qc8 76. c7 Kc3 77. Qc6+ Kd4 78. Qd7 Qf8+ 79. Kc6+ Kc4 80. c8Q Qc5+ 81. Kb7 Qxc8+ 82. Qxc8+ 1-0

[Event "Olympiad-44"]
[Site "Chennai"]
[Date "2022.08.08"]
[Round "10.3"]
[White "Jelic, Dejan"]
[Black "Pesqueira, Jose"]
[Result "1/2-1/2"]
[WhiteElo "1905"]
[BlackElo "1809"]
[PlyCount "98"]
[EventDate "2022.07.29"]
[EventType "team-swiss"]
[EventRounds "11"]
[EventCountry "IND"]
[SourceTitle "CBM 210"]
[Source "ChessBase"]
[SourceDate "2022.10.31"]
[SourceVersion "1"]
[SourceVersionDate "2022.10.31"]
[SourceQuality "1"]
[WhiteTeam "Liechtenstein"]
[BlackTeam "Aruba"]
[WhiteTeamCountry "LIE"]
[BlackTeamCountry "ARN"]

1. d4 g6 2. c4 Bg7 3. Nc3 d6 4. Nf3 e5 5. dxe5 dxe5 6. Qxd8+ Kxd8 7. Bg5+ f6 8. 0-0-0+ Bd7 9. Bh4 Kc8 10. e3 g5 11. Bg3 h5 12. h3 Ne7 13. Be2 Nf5 14. Bh2 Na6 15. Nd2 Nc5 16. g4 hxg4 17. hxg4 Nh4 18. Bg3 c6 19. b4 Ne6 20. a4 Kc7 21. Nde4 Ng6 22. Kc2 Rxh1 23. Rxh1 Rh8 24. Rxh8 Nxh8 25. a5 Nf7 26. c5 b6 27. axb6+ axb6 28. cxb6+ Kxb6 29. Na4+ Kc7 30. Nac5 Bc8 31. f3 Nd6 32. Nxd6 Kxd6 33. Ne4+ Kc7 34. Be1 Nd8 35. b5 cxb5 36. Ba5+ Kd7 37. Bxb5+ Nc6 38. Kc3 Bb7 39. Kc4 Ke7 40. Bb6 Kf8 41. Nd6 Ba8 42. Kc5 Ne7 43. e4 Kg8 44. Bd8 Bf8 45. Bd7 Kg7 46. Bc7 Ng6 47. Bb5 Bb7 48. Kb6 Bxd6 49. Bxd6 Bc8 1/2-1/2

[Event "Aruba-ch"]
[Site "Oranjestad"]
[Date "2020.12.05"]
[Round "8"]
[White "Cabral, Sylvi"]
[Black "Pesqueira, Jose"]
[Result "0-1"]
[WhiteElo "1160"]
[BlackElo "1819"]
[PlyCount "64"]
[EventDate "2020.11.27"]
[EventType "tourn"]
[EventRounds "9"]
[EventCountry "ARN"]
[SourceTitle "CBM 199 Extra"]
[Source "ChessBase"]
[SourceDate "2021.01.31"]
[SourceVersion "1"]
[SourceVersionDate "2021.01.31"]
[SourceQuality "1"]

1. d4 Nf6 2. Nc3 d5 3. Nf3 e6 4. Bf4 c5 5. e3 a6 6. Be2 Nc6 7. 0-0 Bd6 8. Bxd6 Qxd6 9. Qd2 0-0 10. b3 b5 11. a4 b4 12. Na2 Ne4 13. Qd1 a5 14. Nd2 cxd4 15. exd4 Nxd4 16. Bg4 Nf6 17. Bh3 Ba6 18. Re1 Rac8 19. Rc1 Rc7 20. Nf3 Nxf3+ 21. Qxf3 Rfc8 22. Qd1 Rc6 23. Re3 d4 24. Rg3 Qe5 25. Qd2 Rxc2 26. Rxc2 Rxc2 27. Qd1 Qe2 28. Qb1 Rxa2 29. Qc1 Rc2 30. Qb1 Qd2 31. Rf3 Rc1+ 32. Qxc1 Qxc1# 0-1

[Event "Aruba-ch"]
[Site "Oranjestad"]
[Date "2020.11.29"]
[Round "5"]
[White "Stetsenko, Ilya"]
[Black "Pesqueira, Jose"]
[Result "1/2-1/2"]
[WhiteElo "1596"]
[BlackElo "1819"]
[PlyCount "48"]
[EventDate "2020.11.27"]
[EventType "tourn"]
[EventRounds "9"]
[EventCountry "ARN"]
[SourceTitle "CBM 199 Extra"]
[Source "ChessBase"]
[SourceDate "2021.01.31"]
[SourceVersion "1"]
[SourceVersionDate "2021.01.31"]
[SourceQuality "1"]

1. Nf3 Nf6 2. c4 e6 3. d4 d5 4. Bg5 Be7 5. Nc3 Nbd7 6. e3 0-0 7. Qc2 c6 8. cxd5 exd5 9. Bd3 Re8 10. 0-0 Nf8 11. Rab1 a5 12. a3 g6 13. h3 Ne6 14. Bh4 Ng7 15. Bg3 Bf5 16. b4 axb4 17. axb4 Bxd3 18. Qxd3 Bd6 19. Bxd6 Qxd6 20. Qc2 Ra3 21. Rb3 Rea8 22. Rxa3 Rxa3 23. Qb2 Ra8 24. Rc1 Ne6 1/2-1/2

[Event "Olympiad-43"]
[Site "Batumi"]
[Date "2018.10.02"]
[Round "8.2"]
[White "Song, Raymond"]
[Black "Pesqueira, Jose"]
[Result "1-0"]
[WhiteElo "2305"]
[BlackElo "1801"]
[PlyCount "63"]
[EventDate "2018.09.24"]
[EventType "team-swiss"]
[EventRounds "11"]
[EventCountry "GEO"]
[SourceTitle "CBM 187"]
[Source "ChessBase"]
[SourceDate "2018.12.11"]
[SourceVersion "1"]
[SourceVersionDate "2018.12.11"]
[SourceQuality "1"]
[WhiteTeam "Chinese Taipei"]
[BlackTeam "Aruba"]
[WhiteTeamCountry "TPE"]
[BlackTeamCountry "ARN"]

1. c4 Nf6 2. Nf3 e6 3. g3 d5 4. Bg2 Be7 5. 0-0 0-0 6. b3 b6 7. Bb2 Bb7 8. cxd5 exd5 9. d4 Nbd7 10. Nc3 a6 11. Rc1 Bd6 12. Qc2 Re8 13. e3 Qe7 14. Nh4 g6 15. Rfe1 Rac8 16. Nf3 c5 17. dxc5 bxc5 18. Qb1 Ne4 19. Nxe4 dxe4 20. Nd2 f5 21. Nc4 Bc7 22. Red1 Bc6 23. Bf1 Ra8 24. Qc2 h5 25. Qc3 Kh7 26. Rd2 Ne5 27. Nxe5 Bxe5 28. Qxc5 Bxb2 29. Rxb2 Qf6 30. Rd2 Rec8 31. Rd6 Bb5 32. Rxf6 1-0

[Event "Olympiad-43"]
[Site "Batumi"]
[Date "2018.09.26"]
[Round "3.84"]
[White "Winston, Gerald Mansfield Th"]
[Black "Pesqueira, Jose"]
[Result "1-0"]
[WhiteElo "1844"]
[BlackElo "1801"]
[PlyCount "154"]
[EventDate "2018.09.24"]
[EventType "team-swiss"]
[EventRounds "11"]
[EventCountry "GEO"]
[SourceTitle "CBM 187"]
[Source "ChessBase"]
[SourceDate "2018.12.11"]
[SourceVersion "1"]
[SourceVersionDate "2018.12.11"]
[SourceQuality "1"]
[WhiteTeam "Sierra Leone"]
[BlackTeam "Aruba"]
[WhiteTeamCountry "SIE"]
[BlackTeamCountry "ARN"]

1. d4 f5 2. Bf4 Nf6 3. e3 g6 4. h3 d6 5. Bc4 e6 6. Nf3 Bg7 7. Bb3 Qe7 8. c3 Nc6 9. Qe2 a6 10. Nbd2 d5 11. Ne5 Nxe5 12. Bxe5 c6 13. c4 Nd7 14. Bg3 0-0 15. 0-0 Kh8 16. Nf3 Bf6 17. c5 e5 18. Qd2 Re8 19. Rad1 Qg7 20. Bc2 e4 21. Nh2 Qe7 22. Bd6 Qe6 23. Rde1 Be7 24. Bc7 Bf6 25. Bd1 Qf7 26. Bd6 Nf8 27. f4 exf3 28. Nxf3 Nd7 29. Bf4 Qe7 30. Bd6 Qe6 31. Qf2 b6 32. b4 bxc5 33. bxc5 a5 34. Kh1 Ba6 35. Rg1 Bd3 36. Ba4 Rac8 37. Qd2 Be4 38. Rgf1 Nb6 39. cxb6 Qxd6 40. Rc1 Kg7 41. Rc5 Kh8 42. Qc3 g5 43. Rxc6 Rxc6 44. Qxc6 Qxc6 45. Bxc6 Rb8 46. b7 Kg7 47. Rf2 Kf7 48. Nd2 Ke6 49. Nxe4 fxe4 50. Rb2 Kd6 51. Rb6 Bd8 52. Ra6 Bc7 53. Kg1 h5 54. g4 hxg4 55. hxg4 Rf8 56. Bb5+ Ke7 57. Rc6 Kd8 58. Rc5 Bd6 59. Rc8+ Ke7 60. Rxf8 Kxf8 61. Bc6 Ke7 62. Bxd5 Kd7 63. Bxe4 Kc7 64. a4 Bg3 65. Kg2 Bd6 66. Kf3 Bh2 67. Ke2 Bg3 68. Bd5 Bd6 69. e4 Bf4 70. e5 Bc1 71. Kd3 Ba3 72. Kc4 Bb4 73. Bc6 Be7 74. d5 Bd8 75. Kb5 Kb8 76. d6 Ka7 77. e6 Bc7 1-0

[Event "Olympiad-43"]
[Site "Batumi"]
[Date "2018.09.25"]
[Round "2.3"]
[White "Kassis, Antoine"]
[Black "Pesqueira, Jose"]
[Result "1-0"]
[WhiteElo "2173"]
[BlackElo "1801"]
[PlyCount "51"]
[EventDate "2018.09.24"]
[EventType "team-swiss"]
[EventRounds "11"]
[EventCountry "GEO"]
[SourceTitle "CBM 187"]
[Source "ChessBase"]
[SourceDate "2018.12.11"]
[SourceVersion "1"]
[SourceVersionDate "2018.12.11"]
[SourceQuality "1"]
[WhiteTeam "Lebanon"]
[BlackTeam "Aruba"]
[WhiteTeamCountry "LBN"]
[BlackTeamCountry "ARN"]

1. e4 d6 2. d4 Nf6 3. Nc3 Nbd7 4. g3 e5 5. Nge2 Be7 6. Bg2 c6 7. 0-0 0-0 8. a4 a5 9. h3 Qc7 10. g4 Kh8 11. Be3 Re8 12. Ng3 g6 13. f4 Bf8 14. g5 Ng8 15. fxe5 dxe5 16. Rxf7 Bg7 17. d5 Qd6 18. Qf3 Re7 19. h4 Rxf7 20. Qxf7 Qe7 21. Rf1 Qf8 22. Bh3 Qd8 23. h5 Qe7 24. Be6 Qxf7 25. Rxf7 Bf8 26. Bxd7 1-0

[Event "Olympiad-43"]
[Site "Batumi"]
[Date "2018.09.24"]
[Round "1.70"]
[White "Pitra, Andika"]
[Black "Pesqueira, Jose"]
[Result "1-0"]
[WhiteElo "2274"]
[BlackElo "1801"]
[PlyCount "85"]
[EventDate "2018.09.24"]
[EventType "team-swiss"]
[EventRounds "11"]
[EventCountry "GEO"]
[SourceTitle "CBM 187"]
[Source "ChessBase"]
[SourceDate "2018.12.11"]
[SourceVersion "1"]
[SourceVersionDate "2018.12.11"]
[SourceQuality "1"]
[WhiteTeam "Indonesia"]
[BlackTeam "Aruba"]
[WhiteTeamCountry "INA"]
[BlackTeamCountry "ARN"]

1. e4 e5 2. Nf3 Nc6 3. Bb5 Nf6 4. Qe2 d6 5. c3 Bd7 6. 0-0 g6 7. d4 Qe7 8. Bg5 Bg7 9. Nbd2 h6 10. Bh4 g5 11. Bg3 Nh5 12. dxe5 Nxg3 13. hxg3 dxe5 14. Nc4 a6 15. Bxc6 Bxc6 16. Na5 Bb5 17. c4 Bd7 18. Rfd1 b6 19. Nb3 c5 20. Nbd2 0-0 21. Nf1 Be6 22. Ne3 Rad8 23. g4 Rxd1+ 24. Rxd1 Rd8 25. Nd5 Bxd5 26. cxd5 b5 27. Nh2 c4 28. Nf1 Qc5 29. Ne3 Bf8 30. Nf5 f6 31. Qf3 Rd7 32. Ng3 Rd6 33. Qf5 Qc7 34. Qg6+ Bg7 35. Nf5 Rd7 36. d6 Qd8 37. Nxh6+ Kf8 38. Nf5 Qe8 39. Qh7 Qf7 40. Rd5 Qg8 41. Qh3 Kf7 42. Qh5+ Kf8 43. Rc5 1-0

[Event "ARU-ch"]
[Site "Oranjestad"]
[Date "2018.04.14"]
[Round "8"]
[White "Pesqueira, Jose"]
[Black "Croeze, Ethan Samuel"]
[Result "1-0"]
[WhiteElo "1816"]
[BlackElo "1383"]
[PlyCount "37"]
[EventDate "2018.04.06"]
[EventType "tourn"]
[EventRounds "9"]
[EventCountry "ARN"]
[SourceTitle "EXT 2024"]
[Source "ChessBase"]
[SourceDate "2023.10.10"]
[SourceVersion "1"]
[SourceVersionDate "2023.10.10"]
[SourceQuality "1"]

1. c4 Nf6 2. Nc3 e6 3. e4 e5 4. Nf3 d6 5. h3 Be7 6. d4 Nbd7 7. Be3 0-0 8. Be2 c6 9. 0-0 exd4 10. Nxd4 Ne5 11. Qc2 Be6 12. Nxe6 fxe6 13. Rad1 Rc8 14. f4 Nf7 15. e5 Nd7 16. Bg4 Kh8 17. Bxe6 Rc7 18. Bxf7 Rxf7 19. exd6 1-0

[Event "ARU-ch"]
[Site "Oranjestad"]
[Date "2018.04.13"]
[Round "6"]
[White "Pesqueira, Jose"]
[Black "Jacopucci, Enrique"]
[Result "1-0"]
[WhiteElo "1816"]
[BlackElo "1609"]
[PlyCount "50"]
[EventDate "2018.04.06"]
[EventType "tourn"]
[EventRounds "9"]
[EventCountry "ARN"]
[SourceTitle "EXT 2024"]
[Source "ChessBase"]
[SourceDate "2023.10.10"]
[SourceVersion "1"]
[SourceVersionDate "2023.10.10"]
[SourceQuality "1"]

1. d4 Nf6 2. Bg5 e6 3. e4 Be7 4. e5 Nd5 5. Bxe7 Nxe7 6. Nf3 d5 7. Bd3 b6 8. c3 c5 9. 0-0 Ba6 10. Bxa6 Nxa6 11. Qa4+ Qd7 12. Qxa6 c4 13. Na3 0-0 14. Nb5 f6 15. Nd6 Ng6 16. Nxc4 dxc4 17. Qxc4 Qd5 18. Qxd5 exd5 19. Rae1 Rae8 20. exf6 gxf6 21. Rxe8 Rxe8 22. Re1 Re4 23. g3 Kf7 24. Kf1 h6 25. Nd2 f5 1-0

[Event "ARU-ch"]
[Site "Oranjestad"]
[Date "2018.04.08"]
[Round "4"]
[White "Pesqueira, Jose"]
[Black "Diaz, Brian"]
[Result "1/2-1/2"]
[WhiteElo "1816"]
[BlackElo "1743"]
[PlyCount "40"]
[EventDate "2018.04.06"]
[EventType "tourn"]
[EventRounds "9"]
[EventCountry "ARN"]
[SourceTitle "EXT 2024"]
[Source "ChessBase"]
[SourceDate "2023.10.10"]
[SourceVersion "1"]
[SourceVersionDate "2023.10.10"]
[SourceQuality "1"]

1. e4 c5 2. Nc3 e6 3. Nf3 Nc6 4. d4 cxd4 5. Nxd4 Qc7 6. a3 a6 7. Be3 Nf6 8. Be2 Be7 9. 0-0 0-0 10. Nxc6 bxc6 11. f4 d6 12. Qd2 Bb7 13. Bf3 Rad8 14. Qf2 c5 15. e5 Nd5 16. Nxd5 Bxd5 17. Bxd5 exd5 18. exd6 Bxd6 19. c3 Rfe8 20. Rad1 Bf8 1/2-1/2

[Event "Aruba op"]
[Site "Aruba"]
[Date "2017.10.08"]
[Round "6"]
[White "Pesqueira, Jose"]
[Black "Ramirez Gonzalez, Mauricio"]
[Result "0-1"]
[WhiteElo "1833"]
[BlackElo "2188"]
[PlyCount "72"]
[EventDate "2017.10.05"]
[EventType "swiss"]
[EventRounds "7"]
[EventCountry "ARN"]
[SourceTitle "CBM 181 Extra"]
[Source "ChessBase"]
[SourceDate "2017.12.12"]
[SourceVersion "1"]
[SourceVersionDate "2017.12.12"]
[SourceQuality "1"]

1. Nf3 e6 2. g3 d5 3. c4 Nf6 4. Bg2 Be7 5. b3 c5 6. Bb2 0-0 7. 0-0 Nc6 8. cxd5 Nxd5 9. Na3 Bf6 10. Qc1 b6 11. d3 Bb7 12. Re1 Rc8 13. Nc4 Qc7 14. Bxf6 Nxf6 15. Qb2 Rfd8 16. Rac1 Qb8 17. Nfe5 Nd4 18. Bxb7 Qxb7 19. e3 Nf3+ 20. Nxf3 Qxf3 21. Ne5 Qh5 22. d4 Ne4 23. Kg2 f6 24. Nf3 Qd5 25. Qe2 cxd4 26. Rxc8 Rxc8 27. exd4 f5 28. Kg1 Rc3 29. Rd1 Nxg3 30. hxg3 Rxf3 31. Rc1 h6 32. Rc8+ Kh7 33. Re8 Rc3 34. Qd2 Rc6 35. Qe3 Qd7 36. Rf8 Rd6 0-1

[Event "Aruba op"]
[Site "Aruba"]
[Date "2017.10.07"]
[Round "5"]
[White "Pesqueira, Jose"]
[Black "Roose, Alexander"]
[Result "1/2-1/2"]
[WhiteElo "1833"]
[BlackElo "1935"]
[PlyCount "35"]
[EventDate "2017.10.05"]
[EventType "swiss"]
[EventRounds "7"]
[EventCountry "ARN"]
[SourceTitle "CBM 181 Extra"]
[Source "ChessBase"]
[SourceDate "2017.12.12"]
[SourceVersion "1"]
[SourceVersionDate "2017.12.12"]
[SourceQuality "1"]

1. Nf3 d5 2. g3 Nf6 3. Bg2 Nc6 4. d4 g6 5. c3 Bg7 6. Nbd2 0-0 7. 0-0 Nd7 8. e4 dxe4 9. Nxe4 Nf6 10. Nc5 Rb8 11. Re1 b6 12. Nd3 Bb7 13. Bg5 h6 14. Bd2 e6 15. Qc1 Kh7 16. Qc2 Ne7 17. Nf4 Ned5 18. Ne5 1/2-1/2

[Event "Aruba op"]
[Site "Aruba"]
[Date "2017.10.06"]
[Round "3"]
[White "Colina Nunes, Alejandro Jose"]
[Black "Pesqueira, Jose"]
[Result "1/2-1/2"]
[WhiteElo "1978"]
[BlackElo "1833"]
[PlyCount "38"]
[EventDate "2017.10.05"]
[EventType "swiss"]
[EventRounds "7"]
[EventCountry "ARN"]
[SourceTitle "CBM 181 Extra"]
[Source "ChessBase"]
[SourceDate "2017.12.12"]
[SourceVersion "1"]
[SourceVersionDate "2017.12.12"]
[SourceQuality "1"]

1. e4 d6 2. d4 Nf6 3. Nc3 Nbd7 4. Be3 e5 5. h3 Be7 6. Nf3 c6 7. a4 a5 8. Be2 Qc7 9. 0-0 h6 10. Re1 Nf8 11. Nh2 g5 12. Ng4 Ng6 13. g3 h5 14. Nxf6+ Bxf6 15. Kh2 h4 16. g4 Nf4 17. Bf1 Bd7 18. Rb1 Rd8 19. d5 c5 1/2-1/2

[Event "Olympiad-42"]
[Site "Baku"]
[Date "2016.09.06"]
[Round "5.2"]
[White "Pesqueira, Jose"]
[Black "Soriano, Rudolph P"]
[Result "0-1"]
[WhiteElo "1889"]
[BlackElo "1787"]
[PlyCount "124"]
[EventDate "2016.09.02"]
[EventType "team-swiss"]
[EventRounds "11"]
[EventCountry "AZE"]
[SourceTitle "CBM 175"]
[Source "ChessBase"]
[SourceDate "2016.11.10"]
[SourceVersion "1"]
[SourceVersionDate "2016.11.10"]
[SourceQuality "1"]
[WhiteTeam "Aruba"]
[BlackTeam "Guam"]
[WhiteTeamCountry "ARN"]
[BlackTeamCountry "GMA"]

1. d4 d5 2. c4 c6 3. Nf3 Nf6 4. Nc3 g6 5. Bf4 Bg7 6. e3 0-0 7. h3 Nbd7 8. Be2 dxc4 9. Bxc4 Nb6 10. Bd3 Be6 11. 0-0 Bc4 12. Bxc4 Nxc4 13. Qe2 Nd6 14. e4 Nc8 15. Rfd1 Nb6 16. Rac1 Nh5 17. Be3 Nf6 18. b3 e6 19. Qd2 Re8 20. Bg5 Qb8 21. a4 a5 22. Qe3 Ra6 23. Qd2 Nbd7 24. e5 Nd5 25. Ne4 Qa8 26. Nd6 Rf8 27. Bh6 Rb6 28. Bxg7 Kxg7 29. Qd3 Qd8 30. Qc2 Nb4 31. Qe2 Nd5 32. Qc2 Rb4 33. Rd3 Nf4 34. Rd2 h6 35. Qe4 Nd5 36. Rd3 Qe7 37. Qe1 Nf4 38. Rdc3 Nb6 39. Qd1 Nbd5 40. Rc4 Kh7 41. Kh2 f5 42. g3 Nh5 43. Rc5 Ra8 44. Qd3 Ng7 45. Nc4 Qd8 46. Ne1 Qg5 47. Rd1 f4 48. g4 f3 49. Nxf3 Qf4+ 50. Kg2 Rf8 51. Rd2 h5 52. Nh4 Qf7 53. Nd6 Nf4+ 54. Kf1 Nxd3 55. Nxf7 Nxc5 56. Ng5+ Kh6 57. Ngf3 Nxb3 58. Rd3 g5 59. Ng2 Rxf3 60. Rxf3 Nd2+ 61. Ke2 Nxf3 62. Kxf3 Rxd4 0-1